zpět

Detail výsledku týmu

Restaurace Družba, Vodňany

Datum a čas kvízu

27 Celkem bodů Celkový počet nahraných bodů na tomto kvízu bez doplňovacích otázek.
6. Pořadí na kvízu Konečné umístění týmu na tomto kvízu.

Zaznamenané odpovědi

# Otázka Odpověď Body Výsledky
1. Česká vláda ve středu schválil... C) energetické nápoje 1
2. Americká firma Mattel se dopus... adresa pornografických stránek 1
3. Minulý týden prozradili organi... Slipknot 0
4. V pátek byl v Praze, při příle... Belgie 1
5. V pátek se konala boxerská exh... Mike Tyson, Jake Paul 0.5
6. Většina z nás se v dětství uči... chlorid amonný 1
7. Který z těchto smyslů je u člo... sluch (z ucha) 1
8. Kytovci a netopýři dokáží vysí... echolokace 0
9. Těsné propojení čichu a chuti... A 0
10. Buňky v sítnici lidského oka c... tyčinky 1